书目信息 |
| 题名: |
论现实主义
|
|
| 作者: | 冯放 著 | |
| 分册: | ||
| 出版信息: | 北京 文化艺术出版社 1983 |
|
| 页数: | 88页 | |
| 开本: | 17cm | |
| 丛书名: | 文艺理论小丛书 | |
| 单 册: | ||
| 中图分类: | I109.9 | |
| 科图分类: | ||
| 主题词: | 现实主义-文学研究 , 文学研究-现实主义 | |
| 电子资源: | ||
| ISBN: | 10228.054 | |
| 000 | 00696oam2 2200265 450 | |
| 001 | 0183007059 | |
| 005 | 20100712220526.0 | |
| 010 | @a10228.054@dCNY0.25 | |
| 091 | @a10228.054 | |
| 100 | @a19950828d1983 em y0chiy0110 ea | |
| 101 | 0 | @achi |
| 102 | @aCN@b110000 | |
| 105 | @ay z 000yy | |
| 106 | @ar | |
| 200 | 1 | @a论现实主义@9Lun Xian Shi Zhu Yi @f冯放著 |
| 210 | @a北京@c文化艺术出版社@d1983 | |
| 215 | @a88页@d17cm | |
| 225 | 2 | @a文艺理论小丛书 |
| 461 | 0 | @12001 @a文艺理论小丛书 |
| 606 | 0 | @a现实主义-文学研究 |
| 606 | 0 | @a文学研究-现实主义 |
| 690 | @aI109.9@v3 | |
| 701 | 0 | @a冯放@9feng fang@4著 |
| 801 | 0 | @aCN@b91MARC@c20130904 |
| 905 | @aBZT@dI109.9@e12@f2@sI109.9/12 | |
| 论现实主义/冯放著.-北京:文化艺术出版社,1983 |
| 88页;17cm.-(文艺理论小丛书) |
| ISBN 10228.054:CNY0.25 |
| ● |
| 相关链接 |
|
|
|
正题名:论现实主义
索取号:I109.9/12
 
预约/预借
| 序号 | 登录号 | 条形码 | 馆藏地/架位号 | 状态 | 备注 |
| 1 | 2000044123 | 2000044123 | 旧书回溯/ [索取号:I109.9/12] | 在馆 | |
| 2 | 2000119600 | 2000119600 | 旧书回溯/ [索取号:I109.9/12] | 在馆 |